Giro d'Italia 2025 stage winners - Statistieken

Algemene statistieken
  • Deze quiz is 37 keer genomen
  • De gemiddelde score is 15 van 21
Antwoordstatistieken
Stage16 Team Winner % Correct
1 Lidl - Trek Mads Pedersen
100%
3 Lidl - Trek Mads Pedersen
100%
5 Lidl - Trek Mads Pedersen
100%
13 Lidl - Trek Mads Pedersen
100%
17 UAE Team Emirates - XRG Isaac Del Toro
93%
9 Team Visma | Lease a Bike Wout Van Aert
93%
2 (ITT) INEOS Grenadiers Joshua Tarling
83%
6 Alpecin - Deceuninck Kaden Groves
76%
11 EF Education - EasyPost Richard Carapaz
76%
7 UAE Team Emirates - XRG Juan Ayuso
72%
12 Team Visma | Lease a Bike Olav Kooij
72%
21 Team Visma | Lease a Bike Olav Kooij
72%
10 (ITT) Lidl - Trek Daan Hoole
69%
4 Team Picnic PostNL Casper Van Uden
62%
16 XDS Astana Team Christian Scaroni
59%
15 Lidl - Trek Carlos Verona
52%
8 Team Jayco AlUla Luke Plapp
45%
19 Decathlon AG2R La Mondiale Nicolas Prodhomme
41%
18 Red Bull - BORA - hansgrohe Nico Denz
34%
20 Team Jayco AlUla Chris Harper
31%
14 EF Education - EasyPost Kasper Asgreen
31%
Geen overeenkomende quizzen gevonden
Scoreverdeling
Procent van Mensen met Elke Score
Percentiel versus Aantal Correcte Antwoorden
Uw Scoregeschiedenis
U heeft deze quiz nog niet genomen